| 000 | 01077 a2200205 4500 | ||
|---|---|---|---|
| 003 | NUST | ||
| 005 | 20230126132033.0 | ||
| 010 | _a 80467724 | ||
| 020 | _a0709901798 (pbk.) | ||
| 020 | _a0856648000 : | ||
| 040 | _cNust | ||
| 082 | 0 | 0 | _a909.097671,SAR |
| 100 | 1 |
_aSardar, Ziauddin. _93869 |
|
| 245 | 1 | 4 |
_aThe future of Muslim civilisation / _cZiauddin Sardar. |
| 260 |
_aLondon : _bCroom Helm, _cc1979. |
||
| 300 |
_a288 p. : _bill. ; _c23 cm. |
||
| 505 | _aIntroduction (Page-13), The Parameters of Muslim Civilisation (Page-23), Parmenance and Change in Islam (Page-41), Dominant paradigms and Dominant Trends (Page-56), World Systems and the Muslim System (Page-76), Project Umran: Regenerating the Muslim System (Page-116), Planning for Future Generations (Page-130), A Research Approach for the Future (Page-151), The Future in the Past (Page-167), The Future in the Past (Page-167), The Future in the Present (Page-189), Goals of the Muslim System (Page-215), The Reason for Hope (Page-230). | ||
| 650 | 0 |
_aIslam _y20th century. |
|
| 942 |
_2ddc _cBK _k909.097671,SAR |
||
| 999 |
_c186218 _d186218 |
||